| 000 | 00354nam a2200145Ia 4500 | ||
|---|---|---|---|
| 008 | 150301s2011 xx 000 0 und d | ||
| 082 |
_a618.2 _bC11D |
||
| 100 | _aDAFTARY, SHIRISH N. | ||
| 245 | _a100 + CLINICAL CASES IN OBSTETICS | ||
| 250 | _a1ST | ||
| 260 |
_bELSEVIER _aINDIA _c2011 |
||
| 300 | _a459 | ||
| 650 | _aOBST. & GYNE | ||
| 942 |
_2ddc _cBK _01 |
||
| 999 |
_c6743 _d6743 |
||